000 00363nam a2200121Ia 4500
008 211105s9999 xx 000 0 und d
020 _aVYASA15093
100 _aMahalingam N
245 0 _aThree Gems Of The Ancient Past (Riddle Discourse Lanka)
250 _a\N
260 _bInternational society for the investigation of ancient civilizations
_c\N
300 _a64p.
999 _c8552
_d8552